De quel Tour de France s'agit-il ? - Statistiques

Statistiques générales
  • Ce quiz a été pris 32 fois
    6 depuis la dernière actualisation
  • Le résultat moyen est 9 sur 43
Statistiques - réponses
Par images Hint Réponse % Correct
Bruxelles / Egan B. 2019
83%
1er départ du Danemark / Jonas V. 2022
83%
Bilbao / 30 ascensions 2023
83%
Florence / Nice 2024
83%
1er départ de Corse / Christopher F. 2013
67%
Centenaire / Disqualifié 2003
50%
Number One 1903
33%
Après l'Hécatombe 1919
33%
Dernier avant-guerre / Sylvère M 1939
33%
1er départ du Luxembourg / Greg L 1989
33%
1er départ d'Irlande / Marco P.....I 1998
33%
Entente cordiale / Alberto C. 2007
33%
1er départ de Monaco / Alberto C. 2009
33%
René P.....R 1906
17%
Pyrénées 1 1910
17%
1er contre la montre individuel / Antonin M. 1934
17%
Strasbourg / Louison B 1953
17%
1er départ de l'étranger / Louison B 1954
17%
Le Havre / Louison B 1955
17%
Reims / Roger W 1956
17%
Mulhouse / Federico B 1959
17%
Lille / Gastone N.....I 1960
17%
Cologne / Felice G......I 1965
17%
Angers / Roger P 1967
17%
Vittel / Jan J. 1968
17%
1er départ de Suisse / Bernard H 1982
17%
Berlin / Stephen R 1987
17%
Saint-Brieuc / Miguel I 1995
17%
Le plus long 1926
0%
Bretagne out ! / A. L....Q 1932
0%
30 arrivées / Gino B 1938
0%
1ère étape en Italie / Gino B 1948
0%
1ère étape en Espagne / Fausto C 1949
0%
Metz / Hugo K 1951
0%
Brest / Fausto C 1952
0%
Nantes / Jacques A 1957
0%
Rouen / Jacques A 1961
0%
Nancy / Jacques A 1962
0%
Rennes / Jacques A 1964
0%
Limoges / Eddy M 1970
0%
Scheveningen / Luis O 1973
0%
Leiden / Blaireau 1978
0%
Dunkerque / Disqualifié 2001
0%
Aucun quiz correspondant
Distribution des résultats
% des personnes avec chaque résultat
Percentile par nombre de réponses
Votre historique - résultats
Vous n’avez pas pris ce quiz depuis la dernière actualisation